000 00362nam a22001217a 4500
008 180607b xxu||||| |||| 00| 0 eng d
041 _aeng
080 _a043.3
100 _a0
101 _aSHKI-BA
245 _aZhvillimi i Aplikacioneve Mobile vs Web dhe vendim-marrja e te rinjeve per avancimin ne njeren nga keto dy platforma
_cMullaliu, B
942 _2udc
_cBK
999 _c46547
_d46547